000 00522cas a22001694i 4500
999 _c50635
_d50635
001 768714001
003 CO-MdFUSB
005 20180317090619.0
008 180317b2000 cr ||||| |||| 00| 0 spa d
040 _aCO-MdFUSB
_bspa
_cCO-MdFUSB
_dCO-MdFUSB
041 _aspa
100 1 _aSoto Gould, Jorge Luis
_eautor
245 1 0 _aObispado
300 _aVolumen 5. Número 4 (2000), páginas 53-54
_c: 28 cm.
773 0 _tConquista Cristiana
_049446
_960273
_gVolumen 5. Número 4 (2000), páginas 53-54
_qpágina 53
942 _cANA